| 000 | 01010nam a2200241Ia 4500 | ||
|---|---|---|---|
| 001 | 16719 | ||
| 003 | GE_BSU | ||
| 008 | 181216s||||||||xx |||||||||||||| ||und|| | ||
| 040 | _cGE_BSU | ||
| 080 | _a821.353.1.092 | ||
| 100 | _aზლატკინი, მარკ | ||
| 245 | _aროცა წიგნი ხალხებს აახლოებს | ||
| 245 | _bეპისტოლარული წერილები | ||
| 245 | _cმთარგმნ. ჯ. თითმერია | ||
| 260 | _aთბილისი | ||
| 260 | _bმერანი | ||
| 260 | _c1982 | ||
| 300 | _a306გვ. : 20ფ. ილ. ; 20სმ | ||
| 653 | _aეპისტოლარული წერილები | ||
| 653 | _aროცა წიგნი ხალხებს აახლოებს | ||
| 653 | _aქართველი მწერლები; ქართულ-რუსული ლიტერატურული ურთიერთობები; | ||
| 942 | _cBK | ||
| 999 |
_c49784 _d49784 |
||